000 00631nam a22001817a 4500
005 20251108164259.0
008 250721s1969 xx 000 0 ara d
082 1 4 _a796.095661/محم
100 1 _aساعاتي، محمد أمين
245 1 0 _aتاريخ الحركة الرياضية في المملكة العربية السعودية /
264 1 _aالرياض :
_bمؤسسة الطباعه و الصحافه و النشر،
_c1969.
300 _a432ص : مص
650 1 7 _aالألعاب الرياضية
650 1 7 _aالتربية البدنية
650 1 7 _aالسعودية
942 _2ddc
_cBK
999 _c8262
_d8262